| 000 | 00532nam a2200193Ia 4500 | ||
|---|---|---|---|
| 003 | GCL | ||
| 008 | 140319s9999 xx 000 0 eng d | ||
| 040 |
_aGCL / _cGCL |
||
| 082 | 0 | 4 |
_a823 _bD F |
| 100 | 1 | _aDEFOE, DANIAL | |
| 245 | 1 | 0 |
_aTHE FORTUNES AND MISFORTUNES OF THE FAMOUS MOLL FLANDERS / _cDEFOE, DANIAL |
| 700 | 1 | _aSTARR, CONSTANCE | |
| 260 |
_a[S.N] : _bOXFORD UNIVERSITY PRESS ، _c1981 |
||
| 300 | _a398 P | ||
| 650 | 0 | 4 | _aENGLISH LITERATURE |
| 650 | 0 | 4 | _aLITERATURE |
| 650 | 0 | 4 | _aENGLISH FICTION |
| 942 |
_2ddc _cBK |
||
| 999 |
_c15885 _d15885 |
||